000 00725nam a2200241Ia 4500
003 OSt
005 20220927105430.0
006 a|||||r|||| 00| 0
007 ta
008 220926b |||||||| |||| 00| 0 eng d
024 _a170353
037 _cReference Collections
040 _aRTL
_cRTL
_beng
041 _2eng
_aeng
082 _a"X9.2.N86 - N85r, M6/GD"
110 _aRichards on hindustan limited.
_9372449
245 0 _aAnnual report 1985-86.
260 _aBombay
_bRichardson hindustan ltd.
_c1986
300 _a15p.
_ccm.
700 _aRichards on hindustan limited.
_9372450
942 _h"X9.2.N86 - N85r, M6/GD"
_cCC
999 _c692507
_d692507